000 00950cam a2200229 4500
001 WS107501
008 000000n 000 0 eng u
035 _a(Sirsi) u107501
110 _aLondon Housing Unit
_91154
245 _aLondon Housing Unit
520 _aWeb site for this unit which provides data analysis and information on social housing issues in London and across the country, aimed at primarily at its members who are the housing representatives of the London Boroughs. The site includes links to the journal 'London Housing News', a good section on the history of housing in London and a section specifically for tenants.
650 _aSOCIAL HOUSING
650 _aLONDON
650 _aHISTORY
650 _aJOURNALS
650 _aTENANTS
650 _aRESIDENTIAL
650 0 _aDISCUSSION LISTS
690 _aHOUSING
856 4 0 _uhttps://www.lhu.org.uk
_zView the website free of charge at www.lhu.org.uk...
942 _n0
999 _c119547
_d119547